[Event "SR 2. liga A 2013/2014"]
[Site "?"]
[Date "2014.03.16"]
[Round "11.4"]
[White "Jurcak, Marian"]
[Black "Olle, Akos"]
[Result "1-0"]
[WhiteElo "1868"]
[BlackElo "1134"]
[PlyCount "39"]
[EventDate "2013.??.??"]

1. d4 d5 2. c4 Nf6 3. Nc3 g6 4. cxd5 Nxd5 5. e4 Nxc3 6. bxc3 Bg7 7. Bc4 O-O 8.
Ne2 e5 9. O-O Nc6 10. Be3 b6 11. Qd2 Bb7 12. f3 Qd7 13. Rab1 Rfd8 14. Rfd1 Qd6
15. d5 Ne7 16. Bd3 c6 17. c4 f5 18. c5 Qf6 19. d6 Nc8 20. Bg5 1-0

[Event "SR 2. liga A 2013/2014"]
[Site "?"]
[Date "2014.03.16"]
[Round "11.5"]
[White "Jablonicky, Frantisek"]
[Black "Cech, Dominik"]
[Result "1/2-1/2"]
[WhiteElo "2146"]
[BlackElo "2106"]
[PlyCount "35"]
[EventDate "2013.??.??"]

1. g3 Nf6 2. f4 c5 3. Nf3 Nc6 4. Bg2 g6 5. O-O Bg7 6. d3 O-O 7. e4 d6 8. h3 Rb8
9. Nc3 Nd7 10. a4 a6 11. Kh1 b5 12. axb5 axb5 13. Ne2 Bb7 14. c3 Ra8 15. Be3
Rxa1 16. Qxa1 Qa8 17. Nd2 b4 18. Nc4 1/2-1/2

[Event "SR 2. liga A 2013/2014"]
[Site "?"]
[Date "2014.03.16"]
[Round "11.5"]
[White "Danada, Tomas"]
[Black "Spacek, Oliver"]
[Result "1/2-1/2"]
[WhiteElo "2099"]
[BlackElo "2041"]
[PlyCount "50"]
[EventDate "2013.??.??"]

1. e4 c5 2. Nf3 e6 3. b3 d5 4. Bb2 dxe4 5. Ne5 Nd7 6. Bb5 Ngf6 7. Qe2 Bd6 8.
Nc4 Bc7 9. Nc3 a6 10. Bxd7+ Bxd7 11. Nxe4 Bc6 12. d3 b5 13. Ncd2 Nd5 14. g3 Qe7
15. c4 Nf6 16. O-O Nxe4 17. dxe4 f6 18. Rfd1 O-O 19. Nf1 Be5 20. f3 Rfd8 21.
Bxe5 fxe5 22. Ne3 Rd4 23. Nc2 Rdd8 24. Ne3 Rd4 25. Nc2 Rdd8 1/2-1/2

[Event "SR 2. liga A 2013/2014"]
[Site "?"]
[Date "2014.03.16"]
[Round "11.5"]
[White "Jablonicky, Martin"]
[Black "Karas, Marek"]
[Result "1/2-1/2"]
[WhiteElo "1967"]
[BlackElo "2037"]
[PlyCount "75"]
[EventDate "2013.??.??"]

1. Nf3 Nf6 2. d4 e6 3. c4 c5 4. d5 b5 5. Bg5 exd5 6. cxd5 h6 7. Bxf6 Qxf6 8.
Qc2 d6 9. e4 a6 10. a4 b4 11. Nbd2 Bg4 12. Bd3 Nd7 13. O-O Bxf3 14. Nxf3 g5 15.
Qe2 Bg7 16. Rab1 Nb8 17. Nd2 O-O 18. Nc4 Re8 19. Qg4 Ra7 20. Qg3 Rd7 21. Kh1 h5
22. f4 g4 23. Rbd1 Qe7 24. e5 dxe5 25. fxe5 Rxd5 26. Bh7+ Kxh7 27. Rxd5 Nc6 28.
Qd3+ Kg8 29. Rd7 Rd8 30. Rxd8+ Qxd8 31. Qf5 Qd5 32. Ne3 Qe6 33. Qxh5 Nxe5 34.
Nf5 c4 35. Qg5 Ng6 36. Rd1 Qe2 37. Qd8+ Bf8 38. Qd2 1/2-1/2

[Event "SR 2. liga A 2013/2014"]
[Site "?"]
[Date "2014.03.16"]
[Round "11.5"]
[White "Spacek, Marcel"]
[Black "Machalec, Vladimir"]
[Result "1-0"]
[WhiteElo "1818"]
[BlackElo "1958"]
[PlyCount "89"]
[EventDate "2013.??.??"]

1. d4 Nf6 2. c4 g6 3. Nc3 Bg7 4. e4 d6 5. f3 O-O 6. Be3 Nbd7 7. Qd2 c5 8. d5
Re8 9. Nge2 Nb6 10. Nc1 Nfd7 11. Bd3 Ne5 12. Qe2 Bd7 13. h3 Nxd3+ 14. Qxd3 Na4
15. Rb1 Nxc3 16. bxc3 Rb8 17. g4 Qa5 18. Bd2 a6 19. Kf2 Rf8 20. h4 f5 21. gxf5
gxf5 22. Rg1 fxe4 23. Qxe4 Rf7 24. Rb3 Bf5 25. Qe2 Bc2 26. Rb2 Bg6 27. f4 Kh8
28. h5 Bf5 29. h6 Bxc3 30. Nb3 Qb4 31. a3 Bd4+ 32. Be3 Bxe3+ 33. Kxe3 Qc3+ 34.
Kf2 Bd3 35. Qd2 Qxc4 36. Rg4 Rbf8 37. Kg3 Bf5 38. Na5 Qe4 39. Rg5 b5 40. Nc6
Bg6 41. Rg4 Rf6 42. Rb3 e6 43. Ne7 exd5 44. Re3 Qc2 45. Nxg6+ 1-0

[Event "SR 2. liga A 2013/2014"]
[Site "?"]
[Date "2014.03.16"]
[Round "11.5"]
[White "Jelenciak, Jozef"]
[Black "Ocko, Martin"]
[Result "0-1"]
[WhiteElo "1876"]
[BlackElo "1736"]
[PlyCount "56"]
[EventDate "2013.??.??"]

1. e4 c5 2. Nc3 Nc6 3. f4 g6 4. Nf3 Bg7 5. Bc4 d6 6. O-O Nh6 7. d3 O-O 8. Qe1
Bg4 9. Qh4 Bxf3 10. Rxf3 Nd4 11. Rf2 e6 12. Qh3 f5 13. exf5 Nhxf5 14. g4 Qh4
15. Qxh4 Nxh4 16. Nd1 d5 17. Bb3 b5 18. c3 Ndf3+ 19. Kf1 c4 20. dxc4 bxc4 21.
Bc2 e5 22. Ne3 Rad8 23. f5 e4 24. fxg6 Nxh2+ 25. Ke2 Rxf2+ 26. Kxf2 hxg6 27.
Kg3 N2f3 28. Ng2 Nxg2 0-1

[Event "SR 2. liga A 2013/2014"]
[Site "?"]
[Date "2014.03.16"]
[Round "11.5"]
[White "Pipiska, Adam"]
[Black "Danada, Ondrej"]
[Result "1-0"]
[WhiteElo "1737"]
[BlackElo "1876"]
[PlyCount "99"]
[EventDate "2013.??.??"]

1. e4 c6 2. d4 d5 3. Nc3 dxe4 4. Nxe4 Bf5 5. Ng3 Bg6 6. h4 h6 7. h5 Bh7 8. Nf3
Nd7 9. Bd3 Bxd3 10. Qxd3 Qc7 11. Be3 Ngf6 12. O-O e6 13. Nd2 Ng4 14. Nde4 f5
15. Qc4 O-O-O 16. Qxe6 Nxe3 17. fxe3 fxe4 18. Nxe4 Bb4 19. c3 Rhe8 20. Qg6 Bf8
21. Rf7 Qa5 22. Ng3 Nf6 23. Nf5 Rd5 24. Rxf6 gxf6 25. Qxe8+ Kc7 26. Qxf8 Rxf5
27. Qe7+ Kc8 28. Qe6+ Kc7 29. b4 Qd5 30. Qxd5 cxd5 31. Rf1 Rxh5 32. Rxf6 Rh4
33. Rf4 Rh5 34. e4 dxe4 35. Rxe4 a5 36. a3 axb4 37. axb4 b5 38. g3 Kd6 39. Rh4
Rf5 40. Rxh6+ Kd5 41. Kg2 Kc4 42. Rc6+ Kd3 43. Rc5 Rf8 44. g4 Ke2 45. Rf5 Rc8
46. Rf3 Rc7 47. g5 Rg7 48. Rg3 Rg6 49. Kh3 Kf2 50. Kg4 1-0

[Event "SR 2. liga A 2013/2014"]
[Site "?"]
[Date "2014.03.16"]
[Round "11.6"]
[White "Drtina, Milan"]
[Black "Darazs, Zoltan"]
[Result "1-0"]
[WhiteElo "2135"]
[BlackElo "2108"]
[PlyCount "111"]
[EventDate "2013.??.??"]

1. e4 c5 2. c4 Nc6 3. Ne2 g6 4. d4 cxd4 5. Nxd4 Bg7 6. Be3 Nf6 7. Nc3 Ng4 8.
Qxg4 Nxd4 9. Qd1 Ne6 10. Qd2 O-O 11. h4 f5 12. exf5 gxf5 13. Nd5 b6 14. Be2 Bb7
15. Bf3 Rc8 16. Rc1 Bxd5 17. Bxd5 Kh8 18. f4 Nc5 19. b4 Ne4 20. Qd3 e5 21. fxe5
Bxe5 22. Bd4 Qf6 23. Bxe5 Qxe5 24. O-O Qe7 25. Bxe4 fxe4 26. Qd4+ Kg8 27. Rxf8+
Rxf8 28. Re1 Re8 29. Re3 h6 30. Qd5+ Kh7 31. Qf5+ Kh8 32. Qg6 Qe6 33. Qxe6 Rxe6
34. Kf2 Re5 35. Kg3 a5 36. a3 axb4 37. axb4 d6 38. Kf4 Rh5 39. g3 b5 40. Rxe4
bxc4 41. Rxc4 Rb5 42. Ke3 Kg7 43. Rf4 h5 44. Kd3 Re5 45. Kd4 Kg6 46. Re4 Rb5
47. Kc4 Rb6 48. Rf4 Rc6+ 49. Kd5 Rb6 50. Ke6 Kh6 51. Kd7 d5 52. Kc7 Rg6 53. Rf3
Rg4 54. b5 Rc4+ 55. Kd6 d4 56. Rd3 1-0

[Event "SR 2. liga A 2013/2014"]
[Site "?"]
[Date "2014.03.16"]
[Round "11.6"]
[White "Kalmar, Tamas"]
[Black "Liptak, Dusan"]
[Result "0-1"]
[WhiteElo "1974"]
[BlackElo "2108"]
[PlyCount "58"]
[EventDate "2013.??.??"]

1. d4 f5 2. Nf3 Nf6 3. g3 g6 4. Bg2 Bg7 5. c4 O-O 6. O-O d6 7. Nc3 Nc6 8. d5
Ne5 9. Nxe5 dxe5 10. e4 e6 11. f4 exd5 12. fxe5 Nxe4 13. Qxd5+ Qxd5 14. Nxd5
Bxe5 15. Bxe4 fxe4 16. Bh6 Rxf1+ 17. Rxf1 Bh3 18. Re1 Bxb2 19. Rxe4 c6 20. Nf4
Bf5 21. Re7 b5 22. cxb5 cxb5 23. Kg2 Bf6 24. Rc7 Be4+ 25. Kf2 a5 26. Ke3 Re8
27. Kd2 b4 28. Ne2 Bf3 29. Nf4 a4 0-1

[Event "SR 2. liga A 2013/2014"]
[Site "?"]
[Date "2014.03.16"]
[Round "11.6"]
[White "Arendas, Marek"]
[Black "Meszaros, Lorant"]
[Result "1/2-1/2"]
[WhiteElo "2096"]
[BlackElo "2027"]
[PlyCount "107"]
[EventDate "2013.??.??"]

1. e4 e5 2. Nf3 Nc6 3. d4 exd4 4. Nxd4 Nf6 5. Nxc6 bxc6 6. Bd3 d5 7. exd5 cxd5
8. O-O Be7 9. Bg5 O-O 10. Nc3 c6 11. h3 Ne4 12. Bxe7 Qxe7 13. Bxe4 dxe4 14. Qd4
f5 15. Rfe1 Rd8 16. Qe3 Qf7 17. f3 exf3 18. Qxf3 Bd7 19. Rad1 Re8 20. Rxe8+
Rxe8 21. Qd3 Re7 22. Qd6 Be8 23. Qb8 Qe6 24. Qb3 Kf7 25. Kf2 Kf6 26. Qxe6+ Rxe6
27. Rd4 g5 28. Ra4 Re7 29. Ra5 Bf7 30. Rc5 Re6 31. Ne2 Rd6 32. b3 f4 33. g3
fxg3+ 34. Nxg3 Bg6 35. Kf3 Re6 36. Rc4 h6 37. c3 h5 38. h4 g4+ 39. Kf4 Kg7 40.
Rc5 Kh6 41. Nf5+ Kh7 42. Nd4 Re4+ 43. Kg3 Be8 44. Kf2 Rf4+ 45. Kg3 Rf6 46. Rf5
Rxf5 47. Nxf5 Bd7 48. Nd6 Kg6 49. Kf4 Kf6 50. Ne4+ Ke6 51. Nc5+ Kd6 52. Ne4+
Ke6 53. Nc5+ Kd6 54. Ne4+ 1/2-1/2

[Event "SR 2. liga A 2013/2014"]
[Site "?"]
[Date "2014.03.16"]
[Round "11.6"]
[White "Csefalvay, Stefan"]
[Black "Liptak, Tomas"]
[Result "1/2-1/2"]
[WhiteElo "1852"]
[BlackElo "2108"]
[PlyCount "116"]
[EventDate "2013.??.??"]

1. b3 e5 2. Bb2 d6 3. e3 f5 4. d4 e4 5. d5 Nf6 6. Ne2 Nbd7 7. Nbc3 Ne5 8. h3 g6
9. Nd4 a6 10. Be2 Bg7 11. Qd2 c5 12. dxc6 bxc6 13. f4 exf3 14. Nxf3 Nf7 15.
O-O-O Qe7 16. Rhe1 O-O 17. Kb1 Re8 18. Bd3 d5 19. Qe2 Bh6 20. Bc1 Qc7 21. Qf2
Bb7 22. Qh4 Bg7 23. Bb2 c5 24. Ng5 Nxg5 25. Qxg5 Re6 26. g4 fxg4 27. hxg4 Rae8
28. Rf1 Qe7 29. e4 Re5 30. Qf4 d4 31. Bc4+ Kh8 32. Nd5 Nxd5 33. Bxd5 Bxd5 34.
exd5 Rxd5 35. Qf7 Rd7 36. Qc4 Qd6 37. Rf7 Rxf7 38. Qxf7 Rf8 39. Qc4 Rf4 40. Re1
Rxg4 41. Re8+ Bf8 42. a4 a5 43. Ba3 Kg7 44. Re6 Qc7 45. Qd5 Rg1+ 46. Kb2 Qf7
47. Qe5+ Kg8 48. Rf6 Qe7 49. Re6 Qd7 50. Re8 Kf7 51. Rxf8+ Kxf8 52. Bxc5+ Kf7
53. Bxd4 Rg4 54. Qf6+ Ke8 55. Qh8+ Ke7 56. Qf6+ Ke8 57. Qh8+ Kf7 58. Qf6+ Kg8
1/2-1/2

[Event "SR 2. liga A 2013/2014"]
[Site "?"]
[Date "2014.03.16"]
[Round "11.6"]
[White "Puskar, Peter"]
[Black "Vegh, Vince"]
[Result "1/2-1/2"]
[WhiteElo "2063"]
[BlackElo "1938"]
[PlyCount "55"]
[EventDate "2013.??.??"]

1. d4 d5 2. c4 c6 3. Nf3 Nf6 4. e3 e6 5. Bd3 dxc4 6. Bxc4 b5 7. Bd3 a6 8. O-O
Be7 9. b3 Bb7 10. Bb2 Nbd7 11. Nbd2 c5 12. Rc1 O-O 13. Bb1 cxd4 14. Nxd4 Rc8
15. Qe2 Qb6 16. Kh1 Bd6 17. N2f3 Bb8 18. e4 Qd6 19. Rce1 Qe7 20. Nd2 g6 21. f4
e5 22. fxe5 Nxe5 23. N2f3 Nfd7 24. Nxe5 Nxe5 25. Nf3 Rce8 26. Qf2 Nxf3 27. gxf3
Bf4 28. e5 1/2-1/2

[Event "SR 2. liga A 2013/2014"]
[Site "?"]
[Date "2014.03.16"]
[Round "11.6"]
[White "Szitasi, Janos"]
[Black "Puchart, Vladimir"]
[Result "1-0"]
[WhiteElo "1983"]
[BlackElo "2051"]
[PlyCount "62"]
[EventDate "2013.??.??"]

1. e4 c5 2. Nf3 d6 3. d4 cxd4 4. Nxd4 Nf6 5. Nc3 a6 6. Bc4 e6 7. Bb3 Bd7 8. O-O
Nc6 9. Be3 Na5 10. Qe2 Be7 11. h3 b5 12. a3 Nxb3 13. Nxb3 O-O 14. Rad1 Qc7 15.
Nd4 Bc6 16. Nxc6 Qxc6 17. Bg5 h6 18. Bh4 Rad8 19. Rfe1 Qc7 20. Bg3 Nd7 21. Na2
Nb6 22. Nb4 Qb7 23. Nd3 d5 24. e5 Rc8 25. c3 Rc4 26. Nf4 Rd8 27. Rd4 Rxd4 28.
cxd4 Rc8 29. Qg4 Bf8 30. Bh4 Rc6 31. Nh5 g6 1-0

[Event "SR 2. liga A 2013/2014"]
[Site "?"]
[Date "2014.03.16"]
[Round "11.6"]
[White "Doucha, Ludvik"]
[Black "Mezei, Tibor"]
[Result "1-0"]
[WhiteElo "2039"]
[BlackElo "1768"]
[PlyCount "61"]
[EventDate "2013.??.??"]

1. e4 c5 2. c4 Nc6 3. Ne2 e5 4. g3 Nf6 5. Bg2 d6 6. d3 Bg4 7. f3 Be6 8. O-O Be7
9. Nbc3 Qc8 10. Rf2 Nd4 11. Bg5 Nxe2+ 12. Qxe2 O-O 13. f4 h6 14. Bh4 exf4 15.
gxf4 Bh3 16. Bf3 Nxe4 17. Bxe7 Nxf2 18. Bxf8 Ng4 19. Bxd6 Qd7 20. Qe7 Qf5 21.
Be4 Qh5 22. Bxb7 Nf6 23. Bxa8 Qg6+ 24. Kh1 Qxd3 25. Bxc5 Qd2 26. Rg1 Bg4 27.
Rxg4 Nxg4 28. Qf8+ Kh7 29. Be4+ g6 30. Qxf7+ Kh8 31. Qe8+ 1-0

[Event "SR 2. liga A 2013/2014"]
[Site "?"]
[Date "2014.02.01"]
[Round "7.1"]
[White "Polacik, Igor"]
[Black "Rachela, Jozef"]
[Result "1/2-1/2"]
[WhiteElo "2168"]
[BlackElo "2078"]
[PlyCount "24"]
[EventDate "2013.??.??"]

1. e4 e5 2. Nf3 Nc6 3. Bc4 Be7 4. d4 d6 5. Nc3 Nf6 6. O-O O-O 7. h3 exd4 8.
Nxd4 Nxd4 9. Qxd4 Nd7 10. Nd5 Bf6 11. Nxf6+ Qxf6 12. Be3 Ne5 1/2-1/2

[Event "SR 2. liga A 2013/2014"]
[Site "?"]
[Date "2014.02.23"]
[Round "9.3"]
[White "Polacik, Igor"]
[Black "Tepper, Frantisek"]
[Result "1/2-1/2"]
[WhiteElo "2168"]
[BlackElo "2153"]
[PlyCount "20"]
[EventDate "2013.??.??"]

1. c4 Nf6 2. Nc3 e5 3. g3 c6 4. d4 d6 5. Bg2 Nbd7 6. e3 Be7 7. Nge2 O-O 8. O-O
Re8 9. Rb1 Nb6 10. b3 Bg4 1/2-1/2

[Event "SR 2. liga A 2013/2014"]
[Site "?"]
[Date "2013.10.20"]
[Round "2.4"]
[White "Kebis, Milos"]
[Black "Hecko, Dusan"]
[Result "1-0"]
[WhiteElo "1997"]
[BlackElo "2107"]
[Annotator "Fritz 12 (20s)"]
[PlyCount "85"]
[EventDate "2013.??.??"]

{A54: Old Indian Defence with Nf3, but without e4} 1. c4 e5 2. Nc3 Nf6 3. g3
Be7 4. Bg2 Nc6 5. Nf3 O-O 6. O-O d6 7. d4 exd4 8. Nxd4 Ne5 ({hlavny variant je
} 8... Bd7) 9. b3 c6 10. Qc2 Re8 11. e4 Qc7 12. h3 h6 13. Be3 Bd7 14. Rad1 Rad8
15. f4 Ng6 16. Nf3 b6 17. Bd4 Bc8 18. Rfe1 Nd7 19. h4 Nf6 20. e5 dxe5 $17 21.
Nxe5 $2 (21. fxe5 Ng4 22. h5 $17) 21... Nxe5 $4 (21... Rxd4 $142 22. Rxd4 (22.
Nxg6 Rxd1 23. Nxe7+ Qxe7 24. Rxd1 Qe3+ 25. Kh2 Ng4+ 26. Kh3 Qf2 $19) 22... Bc5
$19) 22. Bxe5 $11 Qb7 23. Bf3 Bc5+ $15 24. Kg2 Ng4 25. Bxg4 Bxg4 $15 26. Rxd8
Rxd8 27. Ne4 Bb4 28. Bc3 Bxc3 (28... a5 $17) 29. Qxc3 Qe7 $2 (29... c5 30. Kg1
$15) 30. Nf2 $11 Qd7 31. Kg1 Be6 32. Qe5 Qc8 33. Ne4 Rd3 $2 (33... Bg4 $5 34.
Nf2 Bf5 $11) 34. f5 $14 Bd7 35. f6 g6 $2 (35... Qe8 $142 36. Qxe8+ Bxe8 $14)
36. Qf4 $18 Qf8 $4 (36... Kh7 37. Nf2 Rc3 $18) 37. Nf2 Rc3 38. Re7 Be6 39. Ne4
Rc2 40. a4 Rb2 41. Nd6 Rb1+ 42. Kf2 Rb2+ 43. Ke1 1-0

[Event "SR 2. liga A 2013/2014"]
[Site "?"]
[Date "2013.11.24"]
[Round "2.7"]
[White "Hecko, Dusan"]
[Black "Hecht, Tomas"]
[Result "0-1"]
[WhiteElo "2107"]
[BlackElo "1972"]
[Annotator "Fritz 12 (20s)"]
[PlyCount "44"]
[EventDate "2013.??.??"]

{A28: English Opening: Four Knights Variation} 1. c4 e5 2. Nc3 Nf6 3. Nf3 Nc6
4. d4 exd4 5. Nxd4 Bb4 6. g3 O-O 7. Bg2 Re8 8. Nxc6 {N} (8. O-O a5 $14) 8...
bxc6 9. O-O $11 Rb8 10. Bd2 Ba6 11. b3 d5 12. Re1 (12. a3 $5 Bd6 13. Qc2 $11)
12... dxc4 $17 13. Qc2 cxb3 14. axb3 $11 Bxe2 15. Bxc6 (15. Rxe2 $142 $5 Rxe2
16. Nxe2 Qxd2 17. Qxd2 Bxd2 18. Rxa7 $11) 15... Re6 $17 16. Rxe2 Rxc6 17. Qb2
a5 18. Rc1 Qd7 19. Bg5 $4 (19. Be1 $142 $19) 19... Bxc3 20. Rxc3 Qd1+ 21. Kg2
Rxc3 22. Bxf6 gxf6 0-1

[Event "SR 2. liga A 2013/2014"]
[Site "?"]
[Date "2014.01.12"]
[Round "5.5"]
[White "Antol, Ladislav"]
[Black "Hecko, Dusan"]
[Result "0-1"]
[WhiteElo "2039"]
[BlackElo "2107"]
[Annotator "Fritz 12 (20s)"]
[PlyCount "58"]
[EventDate "2013.??.??"]

{B01: Scandinavian Defence} 1. e4 d5 2. exd5 Qxd5 3. Nc3 Qd6 4. Bb5+ {N} c6 5.
Be2 Bf5 6. Bf3 Nf6 7. Nge2 e6 8. Ng3 Bg6 9. d3 Nbd7 10. Nce4 Qc7 $15 11. O-O
Be7 12. Re1 O-O 13. Qe2 Rad8 14. Bd2 Rfe8 15. Nxf6+ Bxf6 16. Bc3 Bxc3 17. bxc3
c5 18. c4 b6 19. a4 a5 $6 20. h4 f6 $6 (20... h6 21. Rab1 $14) 21. Bh5 (21. h5
Bf7 $14 22. h6 g6 $16 23. Rab1) 21... Ne5 22. f4 Nc6 23. Bxg6 hxg6 24. Qg4 Kf7
25. h5 gxh5 26. Qxh5+ Kg8 27. Qg4 Nd4 28. c3 $4 (28. Ra2 $142 $11) 28... Nc2
$19 29. Rxe6 Nxa1 0-1

[Event "SR 2. liga A 2014/2015"]
[Site "?"]
[Date "2014.10.11"]
[Round "1.1"]
[White "Dolnak, Michal"]
[Black "Liptak, Tomas"]
[Result "1/2-1/2"]
[WhiteElo "2187"]
[BlackElo "2168"]
[PlyCount "102"]
[EventDate "2014.??.??"]

1. d4 Nf6 2. c4 g6 3. Nc3 Bg7 4. e4 d6 5. Nf3 O-O 6. Be2 e5 7. O-O Nc6 8. d5
Ne7 9. b4 Nh5 10. Re1 f5 11. Ng5 Nf6 12. Bf3 c6 13. b5 cxd5 14. cxd5 h6 15. Ne6
Bxe6 16. dxe6 fxe4 17. Bxe4 Nxe4 18. Nxe4 d5 19. Ba3 dxe4 20. Qxd8 Rfxd8 21.
Bxe7 Re8 22. Bc5 Rxe6 23. Be3 a6 24. b6 Rd8 25. Rac1 Red6 26. Rc7 R8d7 27. Kf1
Kf7 28. Rec1 h5 29. Ke2 Bf6 30. R1c4 Bd8 31. Rxd7+ Rxd7 32. Rxe4 Kf6 33. f3 Rd6
34. Rb4 Ke6 35. Rb2 Rd5 36. Rd2 Rxd2+ 37. Kxd2 Kd5 38. Kd3 Be7 39. g4 hxg4 40.
fxg4 e4+ 41. Kd2 Bf6 42. h3 Kc4 43. Kc2 Kb4 44. Bf2 g5 45. Be3 Ka3 46. Kb1 Kb4
47. Kc2 Kc4 48. Kd2 Bc3+ 49. Ke2 Bf6 50. Kd2 Be7 51. Kc2 Bf6 1/2-1/2

[Event "SR 2. liga A 2014/2015"]
[Site "?"]
[Date "2014.10.11"]
[Round "1.1"]
[White "Biro, Karol"]
[Black "Arendas, Marek"]
[Result "0-1"]
[WhiteElo "2136"]
[BlackElo "2104"]
[PlyCount "50"]
[EventDate "2014.??.??"]

1. e4 c6 2. Nc3 d5 3. Nf3 Bg4 4. h3 Bh5 5. d3 e6 6. g4 Bg6 7. Ne5 dxe4 8. Nxg6
hxg6 9. dxe4 Qxd1+ 10. Nxd1 Nf6 11. f3 Bb4+ 12. Bd2 Bxd2+ 13. Kxd2 g5 14. Nf2
Nbd7 15. Ke3 Ne5 16. h4 Rxh4 17. Rxh4 gxh4 18. g5 Nfd7 19. f4 Ng6 20. Bh3 Ke7
21. Nd3 Rd8 22. b3 b6 23. Re1 Nc5 24. Nb4 Rc8 25. f5 Ne5 0-1

[Event "SR 2. liga A 2014/2015"]
[Site "?"]
[Date "2014.10.11"]
[Round "1.1"]
[White "Puskar, Peter"]
[Black "Sukuba, Zdeno"]
[Result "1/2-1/2"]
[WhiteElo "2051"]
[BlackElo "2096"]
[PlyCount "80"]
[EventDate "2014.??.??"]

1. d4 Nf6 2. g3 d5 3. Bg2 c6 4. Nf3 Bf5 5. O-O e6 6. b3 Bd6 7. Bb2 Nbd7 8. Nbd2
O-O 9. Nh4 Bg6 10. Nxg6 hxg6 11. c4 Qe7 12. e4 dxe4 13. Nxe4 Nxe4 14. Bxe4 Nf6
15. Bg2 Ba3 16. Bc3 Bb4 17. Bb2 Ba3 18. Bc3 Bb4 19. Qc2 Rfd8 20. Rad1 Bxc3 21.
Qxc3 a5 22. a4 Qb4 23. Qe3 Rd7 24. Rd3 Rad8 25. Rfd1 Qd6 26. Bf1 Qc7 27. h3 b6
28. Bg2 c5 29. d5 exd5 30. Bxd5 Nxd5 31. Rxd5 Rxd5 32. Rxd5 Rxd5 33. Qe8+ Kh7
34. cxd5 c4 35. bxc4 Qxc4 36. Qc6 Qe4 37. Qd7 Qe1+ 38. Kg2 f5 39. h4 Qe4+ 40.
Kh2 Qe1 1/2-1/2

[Event "SR 2. liga A 2014/2015"]
[Site "?"]
[Date "2014.10.11"]
[Round "1.1"]
[White "Povysil, Peter"]
[Black "Puchart, Vladimir"]
[Result "1/2-1/2"]
[WhiteElo "1997"]
[BlackElo "2031"]
[PlyCount "102"]
[EventDate "2014.??.??"]

1. Nf3 c5 2. g3 d5 3. Bg2 Nc6 4. O-O Nf6 5. d3 e6 6. Nbd2 Be7 7. e4 O-O 8. e5
Ng4 9. Re1 f6 10. exf6 Bxf6 11. Nb3 b6 12. h3 Nh6 13. Bxh6 gxh6 14. c3 e5 15.
c4 e4 16. dxe4 dxc4 17. e5 cxb3 18. Qxb3+ Kh8 19. Rad1 Qc7 20. exf6 Bb7 21. Qe6
Rad8 22. Rxd8 Qxd8 23. f7 Kg7 24. Nh4 Rxf7 25. Bxc6 Bxc6 26. Qxc6 Qd2 27. Rf1
Qxb2 28. Qe6 Qf6 29. Qxf6+ Kxf6 30. Rc1 Ke5 31. Kf1 Kd4 32. Ke2 c4 33. Nf3+ Kd5
34. Rd1+ Kc5 35. Ne5 Re7 36. f4 b5 37. Rd7 Rxd7 38. Nxd7+ Kd4 39. Kd2 b4 40.
Kc2 h5 41. Ne5 Kd5 42. Nf3 a5 43. g4 hxg4 44. hxg4 a4 45. f5 h6 46. Nd2 b3+ 47.
axb3 cxb3+ 48. Kb2 Ke5 49. Ne4 Kd5 50. Nf6+ Kc4 51. Ne4 Kd5 1/2-1/2

[Event "SR 2. liga A 2014/2015"]
[Site "?"]
[Date "2014.10.11"]
[Round "1.1"]
[White "Doucha, Ludvik"]
[Black "Mandak, Miroslav"]
[Result "1/2-1/2"]
[WhiteElo "2006"]
[BlackElo "2003"]
[PlyCount "96"]
[EventDate "2014.??.??"]

1. e4 e5 2. Nf3 Nc6 3. Bb5 Nf6 4. O-O Nxe4 5. d4 Nd6 6. Bxc6 bxc6 7. dxe5 Nf5
8. Bg5 Be7 9. Bxe7 Qxe7 10. Qd3 Nh4 11. Nxh4 Qxh4 12. Nd2 O-O 13. Nf3 Qe7 14.
Rfe1 Rb8 15. b3 c5 16. Rad1 Rb6 17. c4 Rg6 18. Qd5 Re6 19. Re3 Re8 20. Rde1 Rb6
21. Qd3 Bb7 22. Qf5 Bxf3 23. Qxf3 a5 24. Qd5 c6 25. Qd2 Ra8 26. Rd1 Rb7 27. Rd3
Raa7 28. Qe3 a4 29. g3 h6 30. Rd6 axb3 31. axb3 Ra5 32. R1d3 Kh7 33. h4 Kg8 34.
h5 Qe8 35. g4 Qe7 36. Qg3 Ra3 37. f4 Ra1+ 38. Kh2 Rba7 39. Rd2 Rb1 40. Rd1 Rb2+
41. R6d2 Raa2 42. Rxb2 Rxb2+ 43. Kh3 Ra2 44. Qd3 Ra3 45. Qe3 Qd8 46. Rd3 Qb8
47. Qxc5 Rxb3 48. Qd4 Rxd3+ 1/2-1/2

[Event "SR 2. liga A 2014/2015"]
[Site "?"]
[Date "2014.10.11"]
[Round "1.1"]
[White "Kebis, Milos"]
[Black "Sturdik, Igor"]
[Result "1-0"]
[WhiteElo "1942"]
[BlackElo "1990"]
[PlyCount "145"]
[EventDate "2014.??.??"]

1. Nf3 Nf6 2. c4 c5 3. Nc3 Nc6 4. d4 cxd4 5. Nxd4 g6 6. e4 d6 7. Be2 Bg7 8. Be3
Bd7 9. O-O O-O 10. Rc1 Rc8 11. f3 Qb6 12. Na4 Qd8 13. Nxc6 Rxc6 14. Qd2 b6 15.
Nc3 Qb8 16. Nb5 Rfc8 17. a4 Ne8 18. Rfd1 a6 19. Nc3 Nc7 20. Bd4 Bxd4+ 21. Qxd4
Ne6 22. Qe3 Nc7 23. e5 Be6 24. exd6 exd6 25. Ne4 Ne8 26. b3 d5 27. cxd5 Rxc1
28. Rxc1 Rxc1+ 29. Qxc1 Bxd5 30. Bxa6 Bxb3 31. Bb5 Bd5 32. Bxe8 Bxe4 33. Bxf7+
Kxf7 34. Qc4+ Kf6 35. Qxe4 Qd6 36. g3 h5 37. Kf2 Qd2+ 38. Kg1 Qd1+ 39. Kg2 Qd2+
40. Kh3 Qd7+ 41. g4 hxg4+ 42. fxg4 Qd6 43. Kg2 Kg5 44. h3 Kh4 45. Qe1+ Kg5 46.
Qe3+ Kf6 47. h4 Kg7 48. Kh3 Qc6 49. Qd4+ Kh7 50. Kg3 Qe6 51. g5 Qe1+ 52. Kf3
Qh1+ 53. Ke2 Qc6 54. Kd3 Qe6 55. Kc3 Qe1+ 56. Kc4 Qa5 57. Qd7+ Kh8 58. Qe8+ Kg7
59. Qe7+ Kg8 60. Qe6+ Kg7 61. Qf6+ Kh7 62. Qf7+ Kh8 63. Qf8+ Kh7 64. Qh6+ Kg8
65. Qxg6+ Kf8 66. Qd6+ Kg7 67. Qd7+ Kg6 68. Qe8+ Kg7 69. Qb5 Qe1 70. Qd7+ Kf8
71. Qf5+ Kg8 72. Qg6+ Kf8 73. Qf6+ 1-0

[Event "SR 2. liga A 2014/2015"]
[Site "?"]
[Date "2014.10.11"]
[Round "1.1"]
[White "Kolenak, Matus"]
[Black "Mikulasek, Viktor"]
[Result "1-0"]
[WhiteElo "1977"]
[BlackElo "1889"]
[PlyCount "61"]
[EventDate "2014.??.??"]

1. d4 c5 2. d5 Nf6 3. c4 d6 4. Nc3 e5 5. dxe6 Bxe6 6. e4 Nc6 7. Nf3 h6 8. Be2
Be7 9. O-O O-O 10. Bf4 Nh5 11. Be3 Nf6 12. h3 Nd7 13. Qd2 Nde5 14. b3 Nxf3+ 15.
Bxf3 Ne5 16. Be2 Ng6 17. g4 Bd7 18. Nd5 Re8 19. f4 Bc6 20. Rad1 Bf8 21. Bd3
Bxd5 22. exd5 Be7 23. Rf3 Bf6 24. Rdf1 Qe7 25. g5 hxg5 26. fxg5 Be5 27. Rxf7
Qxf7 28. Rxf7 Kxf7 29. Qf2+ Kg8 30. Bxg6 Re7 31. Qh4 1-0

[Event "SR 2. liga A 2014/2015"]
[Site "?"]
[Date "2014.10.11"]
[Round "1.2"]
[White "Maslik, Miroslav"]
[Black "Lanc, Alois"]
[Result "1/2-1/2"]
[WhiteElo "2365"]
[BlackElo "2344"]
[PlyCount "29"]
[EventDate "2014.??.??"]

1. d4 Nf6 2. c4 d6 3. Nc3 e5 4. dxe5 dxe5 5. Qxd8+ Kxd8 6. Nf3 Nfd7 7. g3 f6 8.
Bh3 Nb6 9. Bxc8 Kxc8 10. b3 a5 11. Be3 N8d7 12. O-O Bc5 13. Bxc5 Nxc5 14. Nd2
Rd8 15. Rad1 1/2-1/2

[Event "SR 2. liga A 2014/2015"]
[Site "?"]
[Date "2014.10.11"]
[Round "1.2"]
[White "Kavon, Rastislav"]
[Black "Gabris, Ondrej"]
[Result "1/2-1/2"]
[WhiteElo "2153"]
[BlackElo "2251"]
[PlyCount "56"]
[EventDate "2014.??.??"]

1. e4 c5 2. Nf3 g6 3. d4 cxd4 4. Nxd4 Nc6 5. Nc3 Bg7 6. Be3 Nf6 7. Bc4 Qa5 8.
Nxc6 bxc6 9. O-O O-O 10. Bb3 d6 11. f3 Be6 12. Qe2 d5 13. Rad1 Rfd8 14. exd5
Nxd5 15. Nxd5 Bxd5 16. Bf2 e5 17. Kh1 Rd7 18. Be1 Qc7 19. c4 Be6 20. Rxd7 Qxd7
21. Bc3 Re8 22. Rd1 Qc7 23. Bc2 f5 24. b3 Bc8 25. Qd2 Bf8 26. b4 Be6 27. Bb3 c5
28. b5 Bf7 1/2-1/2